1109 1502 1812 1735 1207 1340 1312 1235 1177 1094 1364 1220 1305 1326 1645 1275 1492 1385 1557 1079 1728 1542 1456 1486 1227 1983 1581 1900 1988 1742 1235 1387 1794 1030 1893 1113 1530 1660 1433 1620 1726 1251 1805 1191 1377 1424 1950 1339 1584 1093 1480 1095 1863 1996 1901 1957 1217 1932 1358 1814 1056 1348 1050 1750 1056 1109 1049 1546 1960 1207 1156 1486 1371 1396 1541 1464 1448 1604 1499 1132 1197 1092 1446 1158 1178 1266 1529 1709 1170 1629 1314 1309 1905 1261 1267 1960 1635 1711 1690 BCNSPRNW ULIB Ver.6.0+V

เปลี่ยนเป็นภาษาไทย

Change to English
 แสดงรายละเอียดบรรณานุกรม
  กลับหน้าหลัก

Brief Record : Get Marc (ISO 2709) : E-mail record : QR code < ปิดหน้าต่าง
LEADER : 00000nam 2200000uu 4500
001    13399126159
003     ULIB
008    180618s||||||||th 000 0 tha d
020    ^a9786164451711
060 04 ^aWY154^bก492
245 00 ^aการพยาบาลผู้ป่วยภาวะวิกฤต : แบบองค์รวม =^bCritical care/^bวิจิตรา กุสุมภ์
246 31 ^aCritical care nursing : A holistic approach
250    ^aพิมพ์ครั้งที่ 6
260    ^aกรุงเทพฯ :^bสหประชาพาณิชย์,^c2560
300    ^a667 หน้า ^bภาพประกอบ ;^c26 ซม.
504    ^aมีบรรณานุกรมและดัชนี
650  4 ^aผู้ป่วยหนัก, การดูแล
650  4 ^aภาวะฉุกเฉิน^xการพยาบาล
700 0  ^aวิจิตรา กุสุมภ์,^eบรรณาธิการ
945    ^p420^l0^i27267
945    ^p420^l0^i27265
945    ^p420^l0^i27264
945    ^p420^l0^i27266
945    ^p420^l0^i26208
945    ^p420^l0^i26209
945    ^p420^l0^i26210
945    ^p420^l0^i26211
945    ^p420^l0^i26212
945    ^p420^l0^i26213
945    ^p420^l0^i26214
945    ^p420^l0^i26215
945    ^p420^l0^i26216
945    ^p420^l0^i26217
999    ^aกัณชพร จุลอักษร
รายการนี้ยังไม่มีแท็ก
คุณยังไม่ได้ล็อกอิน คุณสามารถมีกิจกรรมร่วมกับเว็บไซต์ได้ แต่ต้องล็อกอินก่อน ::
  ล็อกอิน

รายการสื่อสารสนเทศ

ลำดับที่ ประเภท เลขเรียก/บาร์โค้ด สถานที่ สถานะ
1. หนังสือสำรอง
หนังสือสำรอง
WY154 ก492 ฉ.1 
  Barcode: 26208
ห้องสมุดวิทยาเขตนครสวรรค์
►หนังสือทั่วไป:l:General Books
บนชั้น
2. วิทยาศาสตร์การแพทย์ และสุขภาพ
วิทยาศาสตร์การแพทย์ และสุขภาพ
WY154 ก492 ฉ.10 
  Barcode: 26217
ห้องสมุดวิทยาเขตนครสวรรค์
►หนังสือทั่วไป:l:General Books
บนชั้น
3. วิทยาศาสตร์การแพทย์ และสุขภาพ
วิทยาศาสตร์การแพทย์ และสุขภาพ
WY154 ก492 ฉ.11 
  Barcode: 27264
ห้องสมุดวิทยาเขตนครสวรรค์
►หนังสือทั่วไป:l:General Books
บนชั้น
4. วิทยาศาสตร์การแพทย์ และสุขภาพ
วิทยาศาสตร์การแพทย์ และสุขภาพ
WY154 ก492 ฉ.12 
  Barcode: 27265
ห้องสมุดวิทยาเขตนครสวรรค์
►หนังสือทั่วไป:l:General Books
บนชั้น
5. วิทยาศาสตร์การแพทย์ และสุขภาพ
วิทยาศาสตร์การแพทย์ และสุขภาพ
WY154 ก492 ฉ.13 
  Barcode: 27266
ห้องสมุดวิทยาเขตนครสวรรค์
►หนังสือทั่วไป:l:General Books
บนชั้น
6. วิทยาศาสตร์การแพทย์ และสุขภาพ
วิทยาศาสตร์การแพทย์ และสุขภาพ
WY154 ก492 ฉ.14 
  Barcode: 27267
ห้องสมุดวิทยาเขตนครสวรรค์
►หนังสือทั่วไป:l:General Books
บนชั้น
7. วิทยาศาสตร์การแพทย์ และสุขภาพ
วิทยาศาสตร์การแพทย์ และสุขภาพ
WY154 ก492 ฉ.2 
  Barcode: 26209
ห้องสมุดวิทยาเขตนครสวรรค์
►หนังสือทั่วไป:l:General Books
บนชั้น
8. วิทยาศาสตร์การแพทย์ และสุขภาพ
วิทยาศาสตร์การแพทย์ และสุขภาพ
WY154 ก492 ฉ.3 
  Barcode: 26210
ห้องสมุดวิทยาเขตนครสวรรค์
►หนังสือทั่วไป:l:General Books
บนชั้น
9. วิทยาศาสตร์การแพทย์ และสุขภาพ
วิทยาศาสตร์การแพทย์ และสุขภาพ
WY154 ก492 ฉ.4 
  Barcode: 26211
ห้องสมุดวิทยาเขตนครสวรรค์
►หนังสือทั่วไป:l:General Books
บนชั้น
10. วิทยาศาสตร์การแพทย์ และสุขภาพ
วิทยาศาสตร์การแพทย์ และสุขภาพ
WY154 ก492 ฉ.5 
  Barcode: 26212
ห้องสมุดวิทยาเขตนครสวรรค์
►หนังสือทั่วไป:l:General Books
บนชั้น
11. วิทยาศาสตร์การแพทย์ และสุขภาพ
วิทยาศาสตร์การแพทย์ และสุขภาพ
WY154 ก492 ฉ.6 
  Barcode: 26213
ห้องสมุดวิทยาเขตนครสวรรค์
►หนังสือทั่วไป:l:General Books
บนชั้น
12. วิทยาศาสตร์การแพทย์ และสุขภาพ
วิทยาศาสตร์การแพทย์ และสุขภาพ
WY154 ก492 ฉ.7 
  Barcode: 26214
ห้องสมุดวิทยาเขตนครสวรรค์
►หนังสือทั่วไป:l:General Books
บนชั้น
13. วิทยาศาสตร์การแพทย์ และสุขภาพ
วิทยาศาสตร์การแพทย์ และสุขภาพ
WY154 ก492 ฉ.8 
  Barcode: 26215
ห้องสมุดวิทยาเขตนครสวรรค์
►หนังสือทั่วไป:l:General Books
บนชั้น
14. วิทยาศาสตร์การแพทย์ และสุขภาพ
วิทยาศาสตร์การแพทย์ และสุขภาพ
WY154 ก492 ฉ.9 
  Barcode: 26216
ห้องสมุดวิทยาเขตนครสวรรค์
►หนังสือทั่วไป:l:General Books
บนชั้น

รายการใกล้เคียง
    หัวเรื่อง [ผู้ป่วยหนัก, การดูแล]

BibComment


ยังไม่เคยถูกคอมเมนท์

คอมเมนท์ทรัพยากรรายการนี้
  คอมเมนท์: การพยาบาลผู้ป่วย..


 Copyright 2026. Bcnsprnw @Library